000 01486nam0a2200361 4500
001 RU\NLR\bibl\381248
005 20260405174318.0
021 _aRU
_b2002-65510
_93180
035 _a(NLR Aleph) 000375652
090 _a423383
_c423383
100 _a20030220d2002 |||y0rusy50 ca
101 0 _arus
102 _aRU
105 _aa |||||||||
200 1 _aДиоксид циркония
_eОбщ. сведения. Фазовые равновесия в системах ZrO -CaO, ZrО -MgO, ZrO -Y O . Свойства
_fВ.А. Неронов, Д.А. Сибриков
210 _aНовосибирск
_cИТПМ
_d2002
215 _a49 с.
_cил.
_d21
225 1 _aПрепринт
_fИн-т теорет. и прикладной механики СО РАН
_vN°2-2002
320 _aБиблиогр.: с. 48-49
606 0 _aДиоксид циркония
_9921899
_3RU\NLR\auth\6619209
610 0 _aЦирконий, двуокись - Физико-химические свойства
675 _a549.514:544
_v3
_zrus
686 _a38.35
_2rugasnti
686 _a22.37
_2rubbk
686 _aГ124.423.1
700 1 _4070
_8rus
_7ca
_aНеронов
_bВ. А.
_cд-р техн. наук
_gВладимир Александрович
_3RU\NLR\auth\7775577
_958505
701 1 _aСибриков
_bД. А.
_4070
801 0 _aRU
_bRKP
_c20030220
_gPSBO
801 1 _aRU
_bRKP
_c20030220
801 2 _aRU
_bNLR
_c20090408
_grcr
942 _cBOOK
980 _aNB